| 000 | 00405nam a22001337a 4500 | ||
|---|---|---|---|
| 082 |
_a620.191 _bMEY _cD |
||
| 100 |
_aM. P. Meyer., _940982 |
||
| 245 |
_aComparison of engineering properties of selected temperate and tropical surface soils _bMeyer, M. P. |
||
| 260 |
_aUSA _cJune 1996 |
||
| 300 |
_axiv, p. : _bill. : |
||
| 526 |
_a0 _b0 _c0 _d620_191000000000000_MEY |
||
| 650 |
_aMCE _9379 |
||
| 942 |
_2ddc _cBK |
||
| 999 |
_c545193 _d545193 |
||